000 00276nam a2200097Ia 4500
008 240331s9999 xx 000 0 und d
082 _bGAN
100 _aGandhi, N
245 4 _aThe issues at stake :
_btheory and practice in the contemporary women's movements in India
942 _cL
999 _c1912
_d1912